<?xml version="1.0" encoding="UTF-8"?>
<record
    xmlns:xsi="http://www.w3.org/2001/XMLSchema-instance"
    xsi:schemaLocation="http://www.loc.gov/MARC21/slim http://www.loc.gov/standards/marcxml/schema/MARC21slim.xsd"
    xmlns="http://www.loc.gov/MARC21/slim">

  <leader>00866cam a2200277 a 4500</leader>
  <datafield tag="999" ind1=" " ind2=" ">
    <subfield code="c">79423</subfield>
    <subfield code="d">316700</subfield>
  </datafield>
  <controlfield tag="001">2859937</controlfield>
  <controlfield tag="003">OSt</controlfield>
  <controlfield tag="005">20210305151334.0</controlfield>
  <controlfield tag="008">850627s2019    maua     b    001 0 eng  </controlfield>
  <datafield tag="010" ind1=" " ind2=" ">
    <subfield code="a">   85015647 </subfield>
  </datafield>
  <datafield tag="020" ind1=" " ind2=" ">
    <subfield code="a">9789332518667</subfield>
  </datafield>
  <datafield tag="040" ind1=" " ind2=" ">
    <subfield code="a">DLC</subfield>
    <subfield code="c">DLC</subfield>
    <subfield code="d">DLC</subfield>
  </datafield>
  <datafield tag="050" ind1="0" ind2="0">
    <subfield code="a">QA76.76.C65</subfield>
    <subfield code="b">A37 1986</subfield>
  </datafield>
  <datafield tag="082" ind1="0" ind2="0">
    <subfield code="a">005.453</subfield>
    <subfield code="2">22</subfield>
    <subfield code="b">AAC</subfield>
  </datafield>
  <datafield tag="100" ind1="1" ind2=" ">
    <subfield code="a">Aho, Alfred V.</subfield>
    <subfield code="9">36681</subfield>
  </datafield>
  <datafield tag="245" ind1="1" ind2="0">
    <subfield code="a">Compilers, principles, techniques, and tools /</subfield>
    <subfield code="c">Alfred V. Aho, Ravi Sethi, Jeffrey D. Ullman.</subfield>
  </datafield>
  <datafield tag="260" ind1=" " ind2=" ">
    <subfield code="a">India : </subfield>
    <subfield code="b">Pearson,</subfield>
    <subfield code="c">2019.</subfield>
  </datafield>
  <datafield tag="300" ind1=" " ind2=" ">
    <subfield code="a">x, 796 p. :</subfield>
    <subfield code="b">ill. ;</subfield>
    <subfield code="c">24 cm.</subfield>
  </datafield>
  <datafield tag="500" ind1=" " ind2=" ">
    <subfield code="a">Includes index.</subfield>
  </datafield>
  <datafield tag="504" ind1=" " ind2=" ">
    <subfield code="a">Bibliography: p. [752]-779.</subfield>
  </datafield>
  <datafield tag="650" ind1=" " ind2="0">
    <subfield code="a">Compilers (Computer programs)</subfield>
    <subfield code="9">36680</subfield>
  </datafield>
  <datafield tag="700" ind1="1" ind2=" ">
    <subfield code="a">Sethi, Ravi.</subfield>
    <subfield code="9">39416</subfield>
  </datafield>
  <datafield tag="700" ind1="1" ind2=" ">
    <subfield code="a">Ullman, Jeffrey D.,</subfield>
    <subfield code="d">1942-</subfield>
    <subfield code="9">39417</subfield>
  </datafield>
  <datafield tag="906" ind1=" " ind2=" ">
    <subfield code="a">7</subfield>
    <subfield code="b">cbc</subfield>
    <subfield code="c">orignew</subfield>
    <subfield code="d">1</subfield>
    <subfield code="e">ocip</subfield>
    <subfield code="f">19</subfield>
    <subfield code="g">y-gencatlg</subfield>
  </datafield>
  <datafield tag="942" ind1=" " ind2=" ">
    <subfield code="2">ddc</subfield>
    <subfield code="c">BOOK</subfield>
  </datafield>
  <datafield tag="952" ind1=" " ind2=" ">
    <subfield code="1">0</subfield>
    <subfield code="2">2021-03-05</subfield>
    <subfield code="4">0</subfield>
    <subfield code="7">0</subfield>
    <subfield code="a">005.453 AAC</subfield>
    <subfield code="d">2021-03-05</subfield>
    <subfield code="h">CL</subfield>
    <subfield code="i">00167275</subfield>
    <subfield code="m">CL</subfield>
    <subfield code="r">2021-03-05 00:00:00</subfield>
    <subfield code="t">BOOK</subfield>
    <subfield code="w">ddc</subfield>
    <subfield code="y">0</subfield>
  </datafield>
  <datafield tag="952" ind1=" " ind2=" ">
    <subfield code="1">0</subfield>
    <subfield code="2">2021-03-05</subfield>
    <subfield code="4">0</subfield>
    <subfield code="7">0</subfield>
    <subfield code="a">005.453 AAC</subfield>
    <subfield code="d">2021-03-05</subfield>
    <subfield code="h">CL</subfield>
    <subfield code="i">00167276</subfield>
    <subfield code="m">CL</subfield>
    <subfield code="r">2021-03-05 00:00:00</subfield>
    <subfield code="t">BOOK</subfield>
    <subfield code="w">ddc</subfield>
    <subfield code="y">0</subfield>
  </datafield>
  <datafield tag="952" ind1=" " ind2=" ">
    <subfield code="1">0</subfield>
    <subfield code="2">2021-03-05</subfield>
    <subfield code="4">0</subfield>
    <subfield code="7">0</subfield>
    <subfield code="a">005.453 AAC</subfield>
    <subfield code="d">2021-03-05</subfield>
    <subfield code="h">CL</subfield>
    <subfield code="i">00167277</subfield>
    <subfield code="m">CL</subfield>
    <subfield code="r">2021-03-05 00:00:00</subfield>
    <subfield code="t">BOOK</subfield>
    <subfield code="w">ddc</subfield>
    <subfield code="y">0</subfield>
  </datafield>
  <datafield tag="952" ind1=" " ind2=" ">
    <subfield code="1">0</subfield>
    <subfield code="2">2021-03-05</subfield>
    <subfield code="4">0</subfield>
    <subfield code="7">0</subfield>
    <subfield code="a">005.453 AAC</subfield>
    <subfield code="d">2021-03-05</subfield>
    <subfield code="h">SZM</subfield>
    <subfield code="i">00167336</subfield>
    <subfield code="m">SZM</subfield>
    <subfield code="r">2021-03-05 00:00:00</subfield>
    <subfield code="t">BOOK</subfield>
    <subfield code="w">ddc</subfield>
    <subfield code="y">0</subfield>
  </datafield>
  <datafield tag="952" ind1=" " ind2=" ">
    <subfield code="1">0</subfield>
    <subfield code="2">2021-03-05</subfield>
    <subfield code="4">0</subfield>
    <subfield code="7">0</subfield>
    <subfield code="a">005.453 AAC</subfield>
    <subfield code="d">2021-03-05</subfield>
    <subfield code="h">SZM</subfield>
    <subfield code="i">00167335</subfield>
    <subfield code="m">SZM</subfield>
    <subfield code="r">2021-03-05 00:00:00</subfield>
    <subfield code="t">BOOK</subfield>
    <subfield code="w">ddc</subfield>
    <subfield code="y">0</subfield>
  </datafield>
  <datafield tag="952" ind1=" " ind2=" ">
    <subfield code="1">0</subfield>
    <subfield code="2">2021-03-05</subfield>
    <subfield code="4">0</subfield>
    <subfield code="7">0</subfield>
    <subfield code="a">005.453 AAC</subfield>
    <subfield code="d">2021-03-05</subfield>
    <subfield code="h">IC</subfield>
    <subfield code="i">00167338</subfield>
    <subfield code="m">IC</subfield>
    <subfield code="r">2021-03-05 00:00:00</subfield>
    <subfield code="t">BOOK</subfield>
    <subfield code="w">ddc</subfield>
    <subfield code="y">0</subfield>
  </datafield>
  <datafield tag="952" ind1=" " ind2=" ">
    <subfield code="1">0</subfield>
    <subfield code="2">2021-03-05</subfield>
    <subfield code="4">0</subfield>
    <subfield code="7">0</subfield>
    <subfield code="a">005.453 AAC</subfield>
    <subfield code="d">2021-03-05</subfield>
    <subfield code="h">IC</subfield>
    <subfield code="i">00167339</subfield>
    <subfield code="m">IC</subfield>
    <subfield code="r">2021-03-05 00:00:00</subfield>
    <subfield code="t">BOOK</subfield>
    <subfield code="w">ddc</subfield>
    <subfield code="y">0</subfield>
  </datafield>
</record>
